000 00701nam a22002297a 4500
999 _c20870
_d20870
003 AR-CdUCM
008 190402b ||||| |||| 00| 0 spa d
040 _aMUNICIPALIDAD PROVINCIAL DEL CUSCO
_cBIBLIOTECA MUNICIPAL DEL CUSCO
082 _aEP / 372.64 /
_bV64
100 _aVigil, Constancio C.
_934275
245 _aMuñequita /
260 _bAtlántida,
_aArgentina :
_c1966.
300 _bIlustraciones,
_c34 cm.
440 _aUn cuento de Vigil
_943562
500 _aNo existe numeración de páginas.
505 _aContenidos : cuentos.
650 _aLiteratura infantil
_9588
650 _aCuento
_94671
700 _aChacha (ilustración)
_943570
942 _2ddc
_cLIBROS
945 _arcc